03555njm a2200541Ia 450000100060000000300090000600500170001500800410003204000130007304000130008604100130009910000110011210000180012310000380014124500230017925000110020226000110021326000320022430000100025630000290026650000590029550503330035465000570068770000620074470001020080670000770090870001700098570000820115570001110123770000860134870000890143470001140152370000960163770000690173370000960180270000790189870000650197770000880204270001290213070000770225970001050233670001200244170000920256170000790265370001020273270000840283470000950291825656IT-RoPAU20220918181125.0131025s9999 xx 000 0 und d aIT-RoPAU cIT-RoPAU aITALIANO aAA.VV. eAutore musica gCodice autore musica SPICS: 12000 aProfeta non sarò a1a ed. aITALIA bPHILIPSc1980 [1a Ed.:1980] aDISCO c46 minuti (Testo: pag.) aCanzone italiana. Musica leggera. Canzone sentimentale aProfeta non sarò [(Because) (5:00)] - Dolce veleno (4:00) - Romantica (6:00) - Il tocco dell'amore (4:00) - Dieci anni fa (5:00) - Il mago (4:00) - Forever and Ever (4:00) - I Dig You (5:00) - Feel Like I'll Never Feel This Way Again (4:00) - Good Bye My Love Good Bye (4:00) - Someday Somewhere (3:00) - We Shall Dance (4:00) aCANZONE ITALIAN [DISCHI]eCodice MATERIA SPICS: 9950 aRoussos DemisgCodice interprete SPICS: 11129eInterprete aPapathanassiou V.gCodice autore musica SPICS: 15603eAutore musicapProfeta non sarò (Because) aDaphnegCodice autore SPICS: 27736eAutorepProfeta non sarò (Because) aCostandinos Alec R.gCodice autore testo/musica SPICS: 14446eAutore testo/musicapProfeta non sarò (Because) - Dolce veleno - Forever and Ever - Someday Somewhere aLuberti MarcogCodice autore musica SPICS: 23581eAutore musicapDolce veleno aBarbelivien DidiergCodice autore testo/musica SPICS: 11322eAutore testo/musicapDolce veleno - Romantica aMalgioglio CristianogCodice autore musica SPICS: 23125eAutore musicapRomantica aGreco LarrygCodice autore testo/musica SPICS: 27737eAutore testo/musicapRomantica aDaiano Fontana ClaudiogCodice autore musica SPICS: 14335eAutore musicapIl tocco dell'amore - Dieci anni fa aHill DangCodice autore testo/musica SPICS: 27738eAutore testo/musicapIl tocco dell'amore aBillon PierregCodice autore SPICS: 27739eAutorepDieci anni fa aRevaux JacquesgCodice autore testo/musica SPICS: 23744eAutore testo/musicapDieci anni fa aBardotti SergiogCodice autore musica SPICS: 13862eAutore musicapIl mago aJouveaux MichelgCodice autore SPICS: 27740eAutorepIl mago aBarnell JeffgCodice autore testo/musica SPICS: 27741eAutore testo/musicapIl mago aVlavianos S.gCodice autore testo/musica SPICS: 14445eAutore testo/musicapForever and Ever - I Dig You - Someday Somewhere aFitoussi R.gCodice autore musica SPICS: 27743eAutore musicapI Dig You aCase JimgCodice autore musica SPICS: 27744eAutore musicapFeel Like I'll Never Feel This Way Again aPrewitt JoegCodice autore testo/musica SPICS: 27745eAutore testo/musicapFeel Like I'll Never Feel This Way Again aLloyd JackgCodice autore musica SPICS: 27746eAutore musicapGood Bye My Love Good Bye aMunro KlausgCodice autore SPICS: 27561eAutorepGood Bye My Love Good Bye aPanas M.gCodice autore testo/musica SPICS: 27747eAutore testo/musicapGood Bye My Love Good Bye aBergman BorisgCodice autore musica SPICS: 15511eAutore musicapWe Shall Dance aRoussos A.V.gCodice autore testo/musica SPICS: 15573eAutore testo/musicapWe Shall Dance